[Event "Paderborn op 16th"]
[Site "Paderborn"]
[Date "2019.12.28"]
[Round "4"]
[White "Wittke, Rene"]
[Black "Wuenderlich, Robin"]
[Result "1-0"]
[WhiteElo "2305"]
[BlackElo "2173"]
[PlyCount "61"]
[EventDate "2019.12.27"]
[EventType "swiss"]
[EventRounds "7"]
[EventCountry "GER"]
[SourceTitle "CBM 194 Extra"]
[Source "ChessBase"]
[SourceDate "2020.03.31"]
[SourceVersion "1"]
[SourceVersionDate "2020.03.31"]
[SourceQuality "1"]

1. Nf3 d5 2. g3 Nf6 3. Bg2 Bf5 4. d3 e6 5. 0-0 c6 6. Nfd2 Bc5 7. e4 Bg6 8. Nc3 0-0 9. Nb3 Bb6 10. Qe1 h6 11. h3 a5 12. a4 Na6 13. Bd2 Re8 14. Kh2 Nb4 15. Rc1 e5 16. Nb1 c5 17. Na3 c4 18. dxc4 Nxe4 19. cxd5 Nxd2 20. Qxd2 Rc8 21. Rfe1 Qd7 22. d6 Re6 23. Nb5 Rxc2 24. Rxc2 Bxc2 25. Qc3 Rxd6 26. Nxd6 Qxd6 27. Re2 Qg6 28. Nc5 h5 29. Nd7 Qd3 30. Qc8+ Kh7 31. Be4+ 1-0

[Event "NRW Class1 1819"]
[Site "Germany"]
[Date "2019.02.17"]
[Round "6.2"]
[White "Wittke, Rene"]
[Black "Send, Sebastian"]
[Result "1-0"]
[WhiteElo "2222"]
[BlackElo "2142"]
[PlyCount "51"]
[EventDate "2018.09.16"]
[EventType "team-tourn"]
[EventRounds "9"]
[EventCountry "GER"]
[SourceTitle "EXT 2022"]
[Source "ChessBase"]
[SourceDate "2021.10.06"]
[SourceVersion "1"]
[SourceVersionDate "2021.10.06"]
[SourceQuality "1"]
[WhiteTeam "Lieme"]
[BlackTeam "Weidenau/Geisweid"]
[WhiteTeamCountry "GER"]
[BlackTeamCountry "GER"]

1. e4 g6 2. d4 Bg7 3. Nc3 c6 4. Be3 d6 5. Nf3 b5 6. Bd3 a6 7. 0-0 Qc7 8. e5 d5 9. Qd2 e6 10. a4 b4 11. Ne2 a5 12. c4 Ne7 13. Rac1 Nd7 14. cxd5 Nxd5 15. Bh6 0-0 16. Ng3 Ba6 17. Bxa6 Rxa6 18. Nh5 Bh8 19. Bxf8 Kxf8 20. Nf4 Nxf4 21. Qxf4 Kg8 22. Ng5 Nf8 23. Ne4 Bg7 24. Rc4 Ra8 25. Rfc1 Ra6 26. Qf3 1-0

[Event "NRW Class1 1819"]
[Site "Germany"]
[Date "2019.01.13"]
[Round "5.2"]
[White "Suvorov, Luca"]
[Black "Wittke, Rene"]
[Result "0-1"]
[WhiteElo "2156"]
[BlackElo "2222"]
[PlyCount "82"]
[EventDate "2018.09.16"]
[EventType "team-tourn"]
[EventRounds "9"]
[EventCountry "GER"]
[SourceTitle "EXT 2022"]
[Source "ChessBase"]
[SourceDate "2021.10.06"]
[SourceVersion "1"]
[SourceVersionDate "2021.10.06"]
[SourceQuality "1"]
[WhiteTeam "Porz SG II"]
[BlackTeam "Lieme"]
[WhiteTeamCountry "GER"]
[BlackTeamCountry "GER"]

1. d4 Nf6 2. c4 Nc6 3. Nc3 e5 4. d5 Ne7 5. e4 Ng6 6. Be3 Bb4 7. f3 Qe7 8. Qd2 0-0 9. Bd3 Bc5 10. Nge2 c6 11. h4 Bxe3 12. Qxe3 h5 13. 0-0-0 d6 14. g4 Rd8 15. Rdg1 Bd7 16. Qg5 Nh7 17. Qxh5 Rab8 18. g5 Rdc8 19. Kb1 Nhf8 20. Re1 a6 21. Rhf1 Qd8 22. f4 exf4 23. Nxf4 Ne5 24. Qe2 b5 25. dxc6 Bg4 26. Qf2 bxc4 27. Be2 Rxc6 28. Nfd5 Bxe2 29. Rxe2 Rb7 30. h5 Nd3 31. Qg2 Rc5 32. e5 Kh8 33. h6 g6 34. exd6 Qxd6 35. Qf3 Rc8 36. Qe3 Ne6 37. Rg1 Rcb8 38. Rgg2 Ndf4 39. Nxf4 Nxf4 40. Rd2 Nxg2 41. Qf2 Qe5 0-1

[Event "NRW Class1 1718"]
[Site "Germany"]
[Date "2018.02.18"]
[Round "6.2"]
[White "Bussard, Christian"]
[Black "Wittke, Rene"]
[Result "1/2-1/2"]
[WhiteElo "2203"]
[BlackElo "2215"]
[PlyCount "102"]
[EventDate "2017.09.17"]
[EventType "team-tourn"]
[EventRounds "9"]
[EventCountry "GER"]
[SourceTitle "EXT 2019"]
[Source "ChessBase"]
[SourceDate "2018.10.10"]
[SourceVersion "1"]
[SourceVersionDate "2018.10.10"]
[SourceQuality "1"]
[WhiteTeam "Niederkassel"]
[BlackTeam "Lieme"]
[WhiteTeamCountry "GER"]
[BlackTeamCountry "GER"]

1. Nf3 Nf6 2. c4 Nc6 3. d4 e6 4. e3 Bb4+ 5. Nc3 Bxc3+ 6. bxc3 d6 7. Qc2 0-0 8. Bd3 Re8 9. 0-0 e5 10. Nd2 Qe7 11. Ne4 Kh8 12. f3 Bd7 13. Bd2 Na5 14. Ng3 c5 15. d5 h6 16. e4 g5 17. Rae1 Rg8 18. Kh1 Rab8 19. Qc1 Ne8 20. Rg1 Ng7 21. Qc2 Qe8 22. Ne2 b5 23. Qc1 bxc4 24. Bc2 Nh5 25. Qa3 Qd8 26. Rb1 Qc7 27. Ba4 Bxa4 28. Qxa4 a6 29. g4 Ng7 30. Ng3 Rgc8 31. Rgc1 Rb6 32. Nf1 Qb7 33. Rxb6 Qxb6 34. Ne3 Qb5 35. Qa3 Rb8 36. Rc2 Qb1+ 37. Kg2 Rb5 38. Bc1 Kg8 39. Kf2 Kf8 40. Ke2 h5 41. h3 hxg4 42. hxg4 Ke7 43. Kd1 Ne8 44. Qa4 Nc7 45. Nxc4 Nxc4 46. Qxc4 Rb8 47. Qf1 Nb5 48. Qd3 Rh8 49. Qf1 Rb8 50. Qd3 Rh8 51. Qf1 Rb8 1/2-1/2

[Event "GER CupT 1718 prel5"]
[Site "Lemgo"]
[Date "2018.01.13"]
[Round "1"]
[White "Strache, Michael"]
[Black "Wittke, Rene"]
[Result "1-0"]
[WhiteElo "2279"]
[BlackElo "2240"]
[PlyCount "139"]
[EventDate "2018.01.13"]
[EventType "team-k.o."]
[EventRounds "2"]
[EventCountry "GER"]
[SourceTitle "EXT 2019"]
[Source "ChessBase"]
[SourceDate "2018.10.10"]
[SourceVersion "1"]
[SourceVersionDate "2018.10.10"]
[SourceQuality "1"]
[WhiteTeam "Sangerhausen"]
[BlackTeam "Lieme"]
[WhiteTeamCountry "GER"]
[BlackTeamCountry "GER"]

1. f4 d5 2. Nf3 c5 3. e3 Nc6 4. d4 Bg4 5. c3 e6 6. Bd3 Qc7 7. 0-0 Bd6 8. h3 Bxf3 9. Qxf3 f5 10. Qh5+ g6 11. Qh4 Qg7 12. Kh1 Nf6 13. Nd2 h6 14. dxc5 Bxc5 15. Nf3 Ne4 16. Bxe4 dxe4 17. Nd4 Bxd4 18. exd4 b5 19. b3 b4 20. Bb2 bxc3 21. Bxc3 Ne7 22. Bb4 Rd8 23. Rac1 Nd5 24. Bc5 g5 25. Qg3 Rg8 26. fxg5 Qxg5 27. Qxg5 Rxg5 28. b4 Rd7 29. b5 Rdg7 30. Rf2 e3 31. Re2 Nf4 32. Rxe3 Rxg2 33. Bd6 Ne2 34. Re1 Nxd4 35. Bc5 Rd2 36. Bxd4 Rxd4 37. Rxe6+ Kd7 38. Ra6 Kc8 39. Rxh6 Rd2 40. Rg1 Re7 41. Rg2 Rd4 42. Rb2 f4 43. Rh5 Kb7 44. Kh2 Re6 45. Rf2 Rf6 46. Rg5 Kb6 47. h4 f3 48. Kg3 Rdf4 49. Rg6 Kxb5 50. Rxf6 Rxf6 51. Rxf3 Rg6+ 52. Kh3 Rh6 53. Kg4 Rg6+ 54. Kf5 Rg2 55. a3 Rh2 56. Kg4 Kc6 57. h5 Kd6 58. Re3 Rg2+ 59. Kf5 Rh2 60. Kg6 Rg2+ 61. Kh7 Kd7 62. h6 Rg1 63. Kh8 Rg2 64. h7 Rg1 65. Rb3 Ke8 66. Rb8+ Kf7 67. Rb7+ Kf8 68. Rxa7 Ra1 69. Ra4 Rf1 70. Rg4 1-0

[Event "NRW Class2 1516"]
[Site "Germany"]
[Date "2016.05.08"]
[Round "9.3"]
[White "Buendgen, Achim"]
[Black "Wittke, Rene"]
[Result "1/2-1/2"]
[WhiteElo "2137"]
[BlackElo "2193"]
[PlyCount "21"]
[EventDate "2015.09.27"]
[EventType "team-tourn"]
[EventRounds "9"]
[EventCountry "GER"]
[SourceTitle "EXT 2017"]
[Source "ChessBase"]
[SourceDate "2016.10.25"]
[SourceVersion "1"]
[SourceVersionDate "2016.10.25"]
[SourceQuality "1"]
[WhiteTeam "Neuenkirchen"]
[BlackTeam "Lieme"]
[WhiteTeamCountry "GER"]
[BlackTeamCountry "GER"]

1. e4 c5 2. b3 Nc6 3. Bb2 d6 4. Bb5 Bd7 5. f4 Nf6 6. Nc3 a6 7. Be2 Nd4 8. e5 Bc6 9. Nf3 dxe5 10. fxe5 Nd5 11. Nxd5 1/2-1/2

[Event "NRW Class2 1516"]
[Site "Germany"]
[Date "2016.01.10"]
[Round "5.3"]
[White "Schienmann, Bruno"]
[Black "Wittke, Rene"]
[Result "0-1"]
[WhiteElo "2233"]
[BlackElo "2193"]
[PlyCount "72"]
[EventDate "2015.09.27"]
[EventType "team-tourn"]
[EventRounds "9"]
[EventCountry "GER"]
[SourceTitle "EXT 2017"]
[Source "ChessBase"]
[SourceDate "2016.10.25"]
[SourceVersion "1"]
[SourceVersionDate "2016.10.25"]
[SourceQuality "1"]
[WhiteTeam "Niederkassel"]
[BlackTeam "Lieme"]
[WhiteTeamCountry "GER"]
[BlackTeamCountry "GER"]

1. d4 Nf6 2. c4 Nc6 3. Nf3 e6 4. a3 d6 5. Nc3 g6 6. e4 Bg7 7. h3 0-0 8. g4 e5 9. d5 Nd4 10. Be2 Re8 11. Be3 Bd7 12. Nd2 Qc8 13. Nf1 h5 14. f3 a6 15. Rc1 b6 16. Kf2 Qd8 17. Kg2 Nh7 18. Qe1 h4 19. Bd3 Bf6 20. Ne2 Nxe2 21. Qxe2 Bg5 22. c5 bxc5 23. Bxa6 Rb8 24. Rc2 Ba4 25. Rd2 Rb6 26. Bc4 Qf6 27. Nh2 Reb8 28. Rb1 Bb3 29. Bxg5 Nxg5 30. Bxb3 Rxb3 31. Qf2 Qf4 32. Re2 c4 33. Rf1 Kg7 34. Rc2 Nxe4 35. Qxh4 Rxb2 36. fxe4 Rxc2+ 0-1

[Event "Werther Schloss op 21st"]
[Site "Werther"]
[Date "2015.03.26"]
[Round "2"]
[White "Niekrens, Stefan"]
[Black "Wittke, Rene"]
[Result "1/2-1/2"]
[WhiteElo "2038"]
[BlackElo "2149"]
[PlyCount "54"]
[EventDate "2015.03.26"]
[EventType "swiss"]
[EventRounds "7"]
[EventCountry "GER"]
[SourceTitle "CBM 165 Extra"]
[Source "ChessBase"]
[SourceDate "2015.04.21"]
[SourceVersion "1"]
[SourceVersionDate "2015.04.21"]
[SourceQuality "1"]

1. e4 c5 2. Nf3 e6 3. c3 d5 4. e5 Nc6 5. Bb5 Bd7 6. Bxc6 Bxc6 7. d4 cxd4 8. Nxd4 Ne7 9. 0-0 Qc7 10. f4 g6 11. Nd2 Nf5 12. N2f3 Nxd4 13. Nxd4 Bc5 14. Kh1 Bxd4 15. Qxd4 Bb5 16. Re1 b6 17. Be3 Qc4 18. Qd2 h5 19. Qd4 Kd7 20. a4 Qxd4 21. Bxd4 Bd3 22. a5 bxa5 23. Rxa5 a6 24. h4 Rhb8 25. b4 Rb5 26. Rea1 Rxa5 27. Rxa5 Bb5 1/2-1/2

[Event "Oberliga NRW 1415"]
[Site "Germany"]
[Date "2015.03.22"]
[Round "8.1"]
[White "Wittke, Rene"]
[Black "Sielecki, Christof"]
[Result "0-1"]
[WhiteElo "2169"]
[BlackElo "2452"]
[PlyCount "82"]
[EventDate "2014.09.14"]
[EventType "team-tourn"]
[EventRounds "9"]
[EventCountry "GER"]
[SourceTitle "EXT 2017"]
[Source "ChessBase"]
[SourceDate "2016.10.25"]
[SourceVersion "1"]
[SourceVersionDate "2016.10.25"]
[SourceQuality "1"]
[WhiteTeam "Lieme"]
[BlackTeam "Dinslaken"]
[WhiteTeamCountry "GER"]
[BlackTeamCountry "GER"]

1. c4 e6 2. Nc3 d5 3. d4 Be7 4. Qc2 c5 5. cxd5 exd5 6. e4 dxe4 7. dxc5 Nf6 8. Be3 0-0 9. Rd1 Qa5 10. a3 Nc6 11. Nge2 Ng4 12. Nd4 Nxe3 13. fxe3 Qxc5 14. Nxe4 Qxc2 15. Nxc2 Bf5 16. Bd3 Rfd8 17. Nf2 Be6 18. Rd2 Bf6 19. 0-0 Bxb2 20. Rb1 Bc3 21. Rdd1 Na5 22. Ne4 Bf6 23. Nxf6+ gxf6 24. Nd4 Rac8 25. Rdc1 Rxc1+ 26. Rxc1 Rc8 27. Rxc8+ Bxc8 28. Kf2 Bd7 29. Kf3 Nc6 30. Ke4 Ne5 31. Be2 Kf8 32. Kd5 Ke7 33. h3 Be6+ 34. Nxe6 fxe6+ 35. Kc5 Nd7+ 36. Kd4 Kd6 37. Bd3 h6 38. Bc2 Nc5 39. g4 e5+ 40. Kc4 a6 41. a4 Nxa4 0-1

[Event "Oberliga NRW 1415"]
[Site "Germany"]
[Date "2014.12.14"]
[Round "4.1"]
[White "Miedema, David"]
[Black "Wittke, Rene"]
[Result "0-1"]
[WhiteElo "2362"]
[BlackElo "2169"]
[PlyCount "89"]
[EventDate "2014.09.14"]
[EventType "team-tourn"]
[EventRounds "9"]
[EventCountry "GER"]
[SourceTitle "EXT 2017"]
[Source "ChessBase"]
[SourceDate "2016.10.25"]
[SourceVersion "1"]
[SourceVersionDate "2016.10.25"]
[SourceQuality "1"]
[WhiteTeam "Koeln Porz II"]
[BlackTeam "Lieme"]
[WhiteTeamCountry "GER"]
[BlackTeamCountry "GER"]

1. d4 Nf6 2. c4 Nc6 3. Nf3 e6 4. Nc3 Bb4 5. Qc2 d6 6. a3 Bxc3+ 7. Qxc3 h6 8. b4 0-0 9. Bb2 d5 10. e3 Ne4 11. Qc2 Ne7 12. Bd3 f5 13. Ne5 Bd7 14. 0-0 Be8 15. f3 Nd6 16. e4 c6 17. exd5 exd5 18. c5 Nf7 19. Rae1 Bd7 20. Bc1 Nxe5 21. Rxe5 Ng6 22. Bxf5 Nxe5 23. Bh7+ Kh8 24. dxe5 Qc8 25. Bd3 Bf5 26. f4 h5 27. h3 h4 28. Bd2 Bxd3 29. Qxd3 Qf5 30. Qf3 Rae8 31. Qf2 g5 32. Qe1 Kg8 33. Rf3 Qe4 34. Qf2 Rf7 35. g4 gxf4 36. Rxf4 Rxf4 37. Qxf4 Qxe5 38. Qg5+ Qxg5 39. Bxg5 d4 40. Bxh4 d3 41. Bg5 Re5 42. Bf4 Re4 43. Bg5 Kf7 44. Kf2 Re2+ 45. Kf3 0-1

[Event "Oberliga NRW 1415"]
[Site "Germany"]
[Date "2014.11.16"]
[Round "3.1"]
[White "Wittke, Rene"]
[Black "Haub, Thorsten Michael"]
[Result "0-1"]
[WhiteElo "2169"]
[BlackElo "2385"]
[PlyCount "60"]
[EventDate "2014.09.14"]
[EventType "team-tourn"]
[EventRounds "9"]
[EventCountry "GER"]
[SourceTitle "EXT 2017"]
[Source "ChessBase"]
[SourceDate "2016.10.25"]
[SourceVersion "1"]
[SourceVersionDate "2016.10.25"]
[SourceQuality "1"]
[WhiteTeam "Lieme"]
[BlackTeam "Plettenberg"]
[WhiteTeamCountry "GER"]
[BlackTeamCountry "GER"]

1. d4 g6 2. e4 Bg7 3. Nc3 d6 4. Be3 c6 5. f4 Nf6 6. Nf3 0-0 7. Bd3 Na6 8. Qd2 c5 9. h3 cxd4 10. Bxd4 Nc5 11. 0-0 b6 12. Rfe1 Bb7 13. f5 e6 14. fxg6 hxg6 15. Qf2 Nxd3 16. cxd3 e5 17. Be3 Nh7 18. Qg3 f5 19. Bg5 Qd7 20. Qh4 Rf7 21. Bh6 Bf6 22. Qg3 f4 23. Qxg6+ Kh8 24. Kh2 Rg8 25. Qh5 Bd8 26. Nh4 Nf6 27. Bg7+ Kxg7 28. Nf5+ Kf8 29. Qh6+ Ke8 30. Nb5 Be7 0-1